000 00454nam a2200193Ia 4500
005 20240823061543.0
008 240823s9999||||xx |||||||||||||| ||und||
041 _aENGLISH
082 _A621.3825 Q8
100 _aBalaji L
245 0 _aSatellite Communication
250 _a3rd
260 _c2018
_bARS Publica
500 _aYES
650 _aSatellite Communications
_bElectronics
700 _aDhanalakshmi A
942 _cBK
999 _c233804
_d233804